Zene, zene, zene
Elmentve itt :
| Dokumentumtípus: | Cikk |
|---|---|
| Megjelent: |
1978-05-14
|
| Sorozat: | Délmagyarország
68 No. 112 |
| Kulcsszavak: | zeneélet 1962-1979 |
| Online Access: | http://dmarchiv.bibl.u-szeged.hu/121420 |
| LEADER | 00392nab a2200145 i 4500 | ||
|---|---|---|---|
| 001 | delm121420 | ||
| 005 | 20190517113203.0 | ||
| 008 | 190517s1978 hu o 0|| hun d | ||
| 040 | |a SZTE Délmagyarország Archívum |b hun | ||
| 041 | |a hun | ||
| 245 | 0 | 0 | |a Zene, zene, zene |h [elektronikus dokumentum] |
| 260 | |c 1978-05-14 | ||
| 300 | |a 5 | ||
| 490 | 0 | |a Délmagyarország |v 68 No. 112 | |
| 695 | |a zeneélet 1962-1979 | ||